000
00433nam a2200169Ia 4500
008
090123s9999 xx 000 0 und d
082
_b
6978
100
_a
खांडेकर वि.स.
245
_a
अस्थी
250
_a
1
300
_a
56
600
_a
खांडेकर वि.स.
630
_a
अस्थी
700
_a
खांडेकर वि.स.
730
_a
अस्थी
942
_c
BOOK
999
_c
45043
_d
45043